logo

Bir Sreshtho Munshi Abdur Rouf Library
Jhenaidah Cadet College

কমপ্লিট মাস্টারিং মাইক্রোসফট এক্‌সেস / (Record no. 12041)

MARC details
000 -LEADER
fixed length control field 00924nam a2200265 a 4500
001 - CONTROL NUMBER
JCCL Control Number 12041
003 - CONTROL NUMBER IDENTIFIER
JCCL marc code BD-JhCC
005 - DATE AND TIME OF LATEST TRANSACTION
control field 20210309094515.0
008 - FIXED-LENGTH DATA ELEMENTS--GENERAL INFORMATION
fixed length control field 210309b20062019bg a|||| ||a| 000 0 mul d
020 ## - INTERNATIONAL STANDARD BOOK NUMBER
International Standard Book Number 9847027700053
035 ## - SYSTEM CONTROL NUMBER
system control number (BD-JhCC)12041
040 ## - CATALOGING SOURCE
Original cataloging agency BD-JhCC
Modifying agency BD-JhCC
041 ## - LANGUAGE CODE
Language code of Book mul
082 ## - DEWEY DECIMAL CLASSIFICATION NUMBER
Classification number 005.369
Author mark and Year ASH 2019
100 ## - MAIN ENTRY--PERSONAL NAME
Personal name Ashraf, Bappi
245 ## - TITLE STATEMENT
Title কমপ্লিট মাস্টারিং মাইক্রোসফট এক্‌সেস /
Statement of responsibility, etc Bappi Ashraf,
260 ## - PUBLICATION, DISTRIBUTION, ETC. (IMPRINT)
Place of publication, distribution, etc ঢাকা :
Name of publisher, distributor, etc জ্ঞানকোষ প্রকাশনী;
Date of publication, distribution, etc ২০১৯.
300 ## - PHYSICAL DESCRIPTION
Pagination 464 p. :
Other physical details ill
Dimensions 24 cm.
650 ## - SUBJECT ADDED ENTRY--TOPICAL TERM
Topical term or geographic name as entry element Microsoft Office, Integrated software, Microsoft Access
650 ## - SUBJECT ADDED ENTRY--TOPICAL TERM
Topical term or geographic name as entry element Word processing, Microsoft Excel (Computer file),Microsoft Word
650 ## - SUBJECT ADDED ENTRY--TOPICAL TERM
Topical term or geographic name as entry element Microsoft PowerPoint (Computer file)
650 ## - SUBJECT ADDED ENTRY--TOPICAL TERM
Topical term or geographic name as entry element Business--Computer programs
942 ## - ADDED ENTRY ELEMENTS (KOHA)
Source of classification or shelving scheme Dewey Decimal Classification
Koha item type Books
Holdings
Source of classification or shelving scheme Damaged status Not for loan Home library Current library Shelving location Date of accession Cost, normal purchase price Total Checkouts Full call number Barcode Date last seen Date checked out Copy number Koha item type
Dewey Decimal Classification     JCC Rouf Library JCC Rouf Library General Stacks 03/09/2021 285.00 1 005.369 ASH 2019 16436 05/25/2023 05/08/2023 C-1 Books

JCC Library | Contacts | JCC Home

Last Update on 23 September 2017
Copyright @ 2017-2020 JCC Rouf Library
Rouf Library, Jhenidah Cadet College (JCC), Bangladesh